| 000 | 01402nam a2200241 a 4500 | ||
|---|---|---|---|
| 001 | 000042791 | ||
| 005 | 20201002040411.0 | ||
| 008 | 140210s1990 dr ad 001 0 spa d | ||
| 040 |
_aDO-SdBNP _bspa _cBNPHU |
||
| 082 |
_a338.17361 _bP467i |
||
| 245 | 0 | 0 | _aPerspectivas de la industria azucarera en R. D. |
| 260 |
_aSanto Domingo : _bCentro de Información y Comunicación (CICOM), _c1990. |
||
| 300 |
_a136 p ; _c23 cm. |
||
| 490 | 1 |
_aConsenso agrario _v3 |
|
| 505 | 0 |
_gPresentación -- _tdiscurso de apertura / _rCarlos Morales Troncoso -- _tHistoria, cultivo, costos y mecanización de la caña de azúcar en la República Dominicana / _rDr Nicolás Casanova -- _tRealidad y perspectivas de la comercialización del azúcar dominicano / _rF.J. Vicini -- _tLa diversificación de la industria azucarera: mitos y realidades / _rIng. Eduardo Martínez Lima -- _tProblemas sociales y políticos creados por la industria azucarera dominicana / _rLic. Bernardo Vega. |
|
| 590 | _aInventariado,2018/DG | ||
| 650 | 4 |
_aIndustria azucarera _zRepública Dominicana _xCongresos, conferencias, etc. _97356 |
|
| 650 | 4 |
_aAzúcar _xComercio _xCongresos, conferencias, etc. _914536 |
|
| 650 | 4 |
_aCaña de azucar _zRepública Dominicana _xCongresos, conferencias, etc. _914537 |
|
| 651 | 4 |
_aRepública Dominicana _xPolítica Agraria _970133 |
|
| 830 | 0 |
_aConsenso agrario _n3 _970134 |
|
| 910 | _aValidado. Control de calidad EMS | ||
| 999 |
_c42280 _d42280 |
||